000
00247nam a22001217a 4500
008
170406b xxu||||| |||| 00| 0 eng d
041
_a
eng
080
_a
575
100
_a
9
101
_a
SHM
245
_a
IMUNOLOGY
_c
GUTTMAN.R.D
942
_2
udc
_c
BK
999
_c
9986
_d
9986